|
|
|
|
| LEADER |
00000nam a2200000Ii 4500 |
| 001 |
DIGUCAUCA0027 |
| 003 |
NyNyDIG |
| 008 |
191129s2018 ck ob 001 0 spa d |
| 006 |
m o d |
| 007 |
cr ||||||||||| |
| 035 |
|
|
|a (OCoLC)1132391487
|
| 040 |
|
|
|a DGITA
|b eng
|e rda
|e pn
|c DGITA
|
| 020 |
|
|
|z 9789587322156
|
| 020 |
|
|
|z 9587322150
|
| 043 |
|
|
|a s-ck---
|a s-ec---
|a s-pe---
|
| 050 |
1 |
4 |
|a HT129 ebook
|
| 082 |
0 |
4 |
|a 307.76098
|
| 100 |
1 |
|
|a Monsalve Herrera, Fabián André,
|e author.
|
| 245 |
1 |
0 |
|a Movimientos sociales, renovaciones urbanas de los centros y/o sectores históricos en Popayán, Quito y Lima /
|c Fabián André Monsalve Herrera.
|
| 264 |
|
1 |
|a Popayán, Colombia :
|b Editorial Universidad del Cauca,
|c [2018]
|
| 300 |
|
|
|a 1 online resource.
|
| 336 |
|
|
|a text
|b txt
|2 rdacontent
|
| 337 |
|
|
|a computer
|b c
|2 rdamedia
|
| 338 |
|
|
|a online resource
|b cr
|2 rdacarrier
|
| 347 |
|
|
|a text file
|2 rdaft
|
| 347 |
|
|
|b PDF
|
| 504 |
|
|
|a Includes bibliographical references and index.
|
| 588 |
0 |
|
|a Online resource; title from PDF title page (Digitalia, viewed December 2, 2019)
|
| 650 |
|
0 |
|a Historic districts
|z Colombia
|z Popayán.
|
| 650 |
|
0 |
|a Historic districts
|z Ecuador
|z Quito.
|
| 650 |
|
0 |
|a Historic districts
|z Peru
|z Lima.
|
| 650 |
|
0 |
|a Urban renewal
|z Colombia
|z Popayán.
|
| 650 |
|
0 |
|a Urban renewal
|z Ecuador
|z Quito.
|
| 650 |
|
0 |
|a Urban renewal
|z Peru
|z Lima.
|
| 655 |
|
0 |
|a Electronic books.
|
| 791 |
2 |
|
|a Digitalia (Firm),
|e distributor.
|
| 793 |
0 |
|
|g Digitalia eBook Collection:
|a Editorial Universidad del Cauca
|
| 776 |
0 |
8 |
|i Print version:
|a Monsalve Herrera, Fabián Andre.
|t Movimientos sociales, renovaciones urbanas de los centros y/o sectores históricos en Popayán, Quito y Lima.
|b Primera edición en español.
|d Popayán, Colombia : Editorial Universidad del Cauca, [2018]
|z 9789587322156
|
| 856 |
4 |
0 |
|3 Digitalia Hispánica
|u https://www.digitaliapublishing.com/a/60609/
|
| 910 |
|
|
|a Premium collection: 2020
|